Ekonomika przedsiebiorstwa komunalnego

Gespeichert in:
Bibliographische Detailangaben
1. Verfasser: Dziembowski, Zygmund
Format: Buch
Sprache:Polnisch
Veröffentlicht: Warszawa Wyd. Ekon. 1983
Ausgabe:2. rozszerz. i uzupel. wyd.
Tags: Tag hinzufügen
Keine Tags, Fügen Sie das erste Tag hinzu!

MARC

LEADER 00000nam a2200000 4500
001 c109214
005 20041019155143.5
041 0 |a pol 
044 |a PL 
245 1 0 |a Ekonomika przedsiebiorstwa komunalnego  |c Zygmund Dziembowski 
250 |a 2. rozszerz. i uzupel. wyd. 
264 1 |a Warszawa  |b Wyd. Ekon.  |c 1983 
300 |a 363 s. 
100 1 |a Dziembowski, Zygmund